000 00316nam a2200145Ia 4500
008 150301s2015 xx 000 0 und d
082 _a611
_bH14U
100 _aUSHA V
245 _aHUMAN EMBRYOLOGYMADE EASY
250 _a1ST
260 _bAPH - DELHI
300 _a108
650 _aEMBRYOLOGY
942 _2ddc
_cBK
999 _c7105
_d7105